Пособие по ветеринарной подготовке в РККА (Запись № 6257438)

Подробности
000 -МАРКЕР
контрольное поле 01434nam0a22002891 4500
001 - ИДЕНТИФИКАТОР ЗАПИСИ
контрольное поле rc\2673874
005 - ИДЕНТИФИКАТОР ВЕРСИИ
контрольное поле 20250623152455.0
035 ## - ДРУГИЕ СИСТЕМНЫЕ НОМЕРА
Идентификатор записи (NLR Aleph) 006802396
100 ## - ДАННЫЕ ОБЩЕЙ ОБРАБОТКИ
Данные общей обработки 20110915d1932 |||y0rusy50 ca
101 0# - ЯЗЫК РЕСУРСА
Язык текста, звукозаписи и т.д. русский
102 ## - СТРАНА ПУБЛИКАЦИИ ИЛИ ПРОИЗВОДСТВА
Страна публикации Российская Федерация
105 ## - ПОЛЕ КОДИРОВАННЫХ ДАННЫХ: ТЕКСТОВЫЕ МАТЕРИАЛЫ, МОНОГРАФИЧЕСКИЕ
Кодированные данные о монографическом текстовом документе y z |||||
200 1# - ЗАГЛАВИЕ И СВЕДЕНИЯ ОБ ОТВЕТСТВЕННОСТИ
Основное заглавие Пособие по ветеринарной подготовке в РККА
Сведения, относящиеся к заглавию Составлено применительно к программам по вет. подготовке рядового и младш. начальствующего состава РККА
Первые сведения об ответственности В. Л. Иакобсен, С. С. Лапидус, И. В. Шур, С. Д. Язловский
Последующие сведения об ответственности Под ред. Н. М. Никольского
210 ## - ПУБЛИКАЦИЯ, РАСПРОСТРАНЕНИЕ И ДР.
Место издания, распространения и т.д. Москва
Имя издателя, распространителя и т. д. Гос. воен. изд-во
Дата издания, распространения и т.д. 1932
Имя изготовителя 16 тип. треста "Полиграфкнига"
215 ## - ФИЗИЧЕСКАЯ ХАРАКТЕРИСТИКА
Специфическое обозначение материала и объем Папка, 144 с.
Размеры 22х15 см.
700 #1 - ИМЯ ЛИЦА - ПЕРВИЧНАЯ ОТВЕТСТВЕННОСТЬ
Начальный элемент ввода Иакобсен
Часть имени, кроме начального элемента ввода В.Л.
Даты 1877-
Расширение инициалов личного имени Валентин Людвигович
702 #1 - ИМЯ ЛИЦА - ВТОРИЧНАЯ ОТВЕТСТВЕННОСТЬ
Начальный элемент ввода Лапидус
Часть имени, кроме начального элемента ввода С.С.
Код отношения Прочие
702 #1 - ИМЯ ЛИЦА - ВТОРИЧНАЯ ОТВЕТСТВЕННОСТЬ
Начальный элемент ввода Шур
Часть имени, кроме начального элемента ввода И.В.
Код отношения Прочие
702 #1 - ИМЯ ЛИЦА - ВТОРИЧНАЯ ОТВЕТСТВЕННОСТЬ
Код отношения Редактор
Начальный элемент ввода Никольский
Часть имени, кроме начального элемента ввода Н. М.
Дополнения к именам, кроме дат деятель ветеринарии, ген.-лейт.
Даты 1883-1970
Расширение инициалов личного имени Николай Михайлович
Системный номер авторитетной/нормативной записи 228161
Идентификатор авторитетной/нормативной записи RU\NLR\AUTH\770228217
702 #1 - ИМЯ ЛИЦА - ВТОРИЧНАЯ ОТВЕТСТВЕННОСТЬ
Начальный элемент ввода Язловский
Часть имени, кроме начального элемента ввода С.Д.
Код отношения Прочие
801 #0 - ИСТОЧНИК ЗАПИСИ
Страна Российская Федерация
Организация NLR
Правила каталогизации psbo
801 #1 - ИСТОЧНИК ЗАПИСИ
Страна Российская Федерация
Организация ELAR
Источник данных rusmarc
852 ## - МЕСТОНАХОЖДЕНИЕ И ШИФР ХРАНЕНИЯ
Идентификатор организации NLR
Шифр хранения (Call Number) 32-3/1562
942 ## - ДОПОЛНИТЕЛЬНЫЕ ЭЛЕМЕНТЫ ЗАПИСИ (АБИС)
Тип экземпляра АБИС Книга
980 ## - КОЛЛЕКЦИЯ
Название коллекции Национальная библиография
Экземпляры
Тип экземпляра Дата поступления Библиотека постоянного хранения Библиотека текущего хранения Место хранения Шифр хранения Штрих-код Статус экземпляра
Книга 26.10.2013 РНБ (Садовая) РНБ (Садовая) Русский книжный фонд -Главное здание, Ленинский читальный зал 32-3/1562 6802396-10